[Event "ODJM B 2024"]
[Site "Willingen GER"]
[Date "2024.05.24"]
[Round "8"]
[White "Prashanthakumar, Arju"]
[Black "Haidekker, Kilian"]
[Result "1-0"]
[Termination "normal"]
[Board "21"]
[WhiteElo "1668"]
[BlackElo "1690"]
[WhiteClock "00:43:02"]
[BlackClock "00:12:22"]
[PlyCount "119"]
[WhiteFideId "34604065"]
[BlackFideId "34621741"]
[EventCountry "GER"]
[EventRounds "9"]
[EventType "swiss"]
[EventDate "2024.05.18"]

1. e4 {[%clk 01:30:57]} {[%emt 00:00:02]} c5 {[%clk 01:30:54]} {[%emt
00:00:07]} 2. Nf3 {[%clk 01:31:20]} {[%emt 00:00:06]} d6 {[%clk 01:31:20]}
{[%emt 00:00:04]} 3. d4 {[%clk 01:31:44]} {[%emt 00:00:07]} cxd4 {[%clk
01:31:46]} {[%emt 00:00:04]} 4. Nxd4 {[%clk 01:32:09]} {[%emt 00:00:05]} Nf6
{[%clk 01:32:11]} {[%emt 00:00:04]} 5. Nc3 {[%clk 01:32:34]} {[%emt 00:00:06]}
g6 {[%clk 01:32:25]} {[%emt 00:00:16]} 6. Be3 {[%clk 01:32:51]} {[%emt
00:00:12]} Bg7 {[%clk 01:32:48]} {[%emt 00:00:07]} 7. f3 {[%clk 01:33:12]}
{[%emt 00:00:09]} O-O {[%clk 01:32:27]} {[%emt 00:00:49]} 8. Qd2 {[%clk
01:33:15]} {[%emt 00:00:30]} Re8 {[%clk 01:31:31]} {[%emt 00:01:26]} 9. O-O-O
{[%clk 01:31:35]} {[%emt 00:02:10]} Nc6 {[%clk 01:31:25]} {[%emt 00:00:36]} 10.
h4 {[%clk 01:29:04]} {[%emt 00:03:00]} a6 {[%clk 01:24:58]} {[%emt 00:06:58]}
11. g4 {[%clk 01:26:54]} {[%emt 00:02:39]} Qc7 {[%clk 01:04:58]} {[%emt
00:20:31]} 12. h5 {[%clk 01:18:43]} {[%emt 00:08:41]} Ne5 {[%clk 00:58:16]}
{[%emt 00:07:12]} 13. hxg6 {[%clk 01:15:36]} {[%emt 00:03:36]} fxg6 {[%clk
00:56:18]} {[%emt 00:02:28]} 14. Bh6 {[%clk 01:07:49]} {[%emt 00:08:16]} Bh8
{[%clk 00:53:07]} {[%emt 00:03:41]} 15. g5 {[%clk 00:58:54]} {[%emt 00:09:26]}
Nh5 {[%clk 00:51:26]} {[%emt 00:02:10]} 16. Be2 {[%clk 00:57:03]} {[%emt
00:02:22]} Nf7 {[%clk 00:43:57]} {[%emt 00:08:00]} 17. Nd5 {[%clk 00:47:39]}
{[%emt 00:09:53]} Qd8 {[%clk 00:40:16]} {[%emt 00:04:11]} 18. Rdg1 {[%clk
00:40:11]} {[%emt 00:07:58]} Nxh6 {[%clk 00:38:12]} {[%emt 00:02:34]} 19. gxh6
{[%clk 00:37:04]} {[%emt 00:03:37]} Nf6 {[%clk 00:37:54]} {[%emt 00:00:48]} 20.
Nf4 {[%clk 00:34:59]} {[%emt 00:02:34]} e5 {[%clk 00:25:36]} {[%emt 00:12:49]}
21. Bc4+ {[%clk 00:34:39]} {[%emt 00:00:51]} d5 {[%clk 00:19:26]} {[%emt
00:06:40]} 22. Nxd5 {[%clk 00:34:35]} {[%emt 00:00:33]} Nxd5 {[%clk 00:14:23]}
{[%emt 00:05:34]} 23. Bxd5+ {[%clk 00:32:47]} {[%emt 00:02:18]} Kf8 {[%clk
00:14:31]} {[%emt 00:00:21]} 24. Ne2 {[%clk 00:28:13]} {[%emt 00:05:04]} Qb6
{[%clk 00:11:31]} {[%emt 00:03:31]} 25. Rf1 {[%clk 00:22:44]} {[%emt 00:05:58]}
Be6 {[%clk 00:10:06]} {[%emt 00:01:56]} 26. Nc3 {[%clk 00:17:06]} {[%emt
00:06:08]} Rad8 {[%clk 00:07:55]} {[%emt 00:02:41]} 27. f4 {[%clk 00:14:36]}
{[%emt 00:02:59]} exf4 {[%clk 00:03:13]} {[%emt 00:05:12]} 28. Qxf4+ {[%clk
00:13:00]} {[%emt 00:02:06]} Ke7 {[%clk 00:02:55]} {[%emt 00:00:48]} 29. Bxe6
{[%clk 00:11:14]} {[%emt 00:02:16]} Qxe6 {[%clk 00:03:05]} {[%emt 00:00:20]}
30. Nd5+ {[%clk 00:11:04]} {[%emt 00:00:40]} Rxd5 {[%clk 00:03:19]} {[%emt
00:00:16]} 31. exd5 {[%clk 00:11:24]} {[%emt 00:00:10]} Qb6 {[%clk 00:02:31]}
{[%emt 00:01:18]} 32. Re1+ {[%clk 00:10:51]} {[%emt 00:01:03]} Kd7 {[%clk
00:02:28]} {[%emt 00:00:34]} 33. Qf7+ {[%clk 00:10:52]} {[%emt 00:00:28]} Kd6
{[%clk 00:02:05]} {[%emt 00:00:53]} 34. Re6+ {[%clk 00:11:00]} {[%emt
00:00:22]} Rxe6 {[%clk 00:02:28]} {[%emt 00:00:07]} 35. Qxe6+ {[%clk 00:11:25]}
{[%emt 00:00:04]} Kc7 {[%clk 00:02:33]} {[%emt 00:00:26]} 36. Qxb6+ {[%clk
00:11:35]} {[%emt 00:00:20]} Kxb6 {[%clk 00:02:57]} {[%emt 00:00:06]} 37. Rf1
{[%clk 00:11:58]} {[%emt 00:00:06]} Bd4 {[%clk 00:02:41]} {[%emt 00:00:47]} 38.
Rf7 {[%clk 00:11:46]} {[%emt 00:00:42]} Be3+ {[%clk 00:02:59]} {[%emt
00:00:12]} 39. Kd1 {[%clk 00:11:58]} {[%emt 00:00:18]} Bxh6 {[%clk 00:03:21]}
{[%emt 00:00:08]} 40. Rxh7 {[%clk 00:12:24]} {[%emt 00:00:04]} Bf4 {[%clk
00:03:26]} {[%emt 00:00:26]} 41. Ke2 {[%clk 00:12:12]} {[%emt 00:00:42]} g5
{[%clk 00:01:59]} {[%emt 00:01:56]} 42. Kd3 {[%clk 00:12:25]} {[%emt 00:00:17]}
a5 {[%clk 00:26:55]} {[%emt 00:05:35]} 43. c4 {[%clk 00:41:53]} {[%emt
00:01:01]} g4 {[%clk 00:23:15]} {[%emt 00:04:10]} 44. b3 {[%clk 00:41:46]}
{[%emt 00:00:37]} g3 {[%clk 00:22:57]} {[%emt 00:00:47]} 45. Rg7 {[%clk
00:42:04]} {[%emt 00:00:13]} Bb8 {[%clk 00:17:35]} {[%emt 00:05:51]} 46. Ke4
{[%clk 00:41:23]} {[%emt 00:01:11]} Bd6 {[%clk 00:15:28]} {[%emt 00:02:36]} 47.
Rg6 {[%clk 00:41:31]} {[%emt 00:00:25]} Kc5 {[%clk 00:15:17]} {[%emt 00:00:40]}
48. Rxd6 {[%clk 00:41:43]} {[%emt 00:00:18]} Kxd6 {[%clk 00:15:35]} {[%emt
00:00:12]} 49. Kf3 {[%clk 00:42:07]} {[%emt 00:00:06]} b5 {[%clk 00:13:32]}
{[%emt 00:02:34]} 50. Kxg3 {[%clk 00:42:08]} {[%emt 00:00:28]} bxc4 {[%clk
00:11:32]} {[%emt 00:02:30]} 51. bxc4 {[%clk 00:42:13]} {[%emt 00:00:26]} a4
{[%clk 00:11:15]} {[%emt 00:00:46]} 52. Kf4 {[%clk 00:41:40]} {[%emt 00:01:02]}
Kc5 {[%clk 00:11:31]} {[%emt 00:00:15]} 53. Ke5 {[%clk 00:41:32]} {[%emt
00:00:39]} Kxc4 {[%clk 00:11:42]} {[%emt 00:00:19]} 54. d6 {[%clk 00:41:48]}
{[%emt 00:00:14]} Kb4 {[%clk 00:11:29]} {[%emt 00:00:43]} 55. d7 {[%clk
00:42:11]} {[%emt 00:00:06]} Ka3 {[%clk 00:11:56]} {[%emt 00:00:03]} 56. d8=Q
{[%clk 00:42:27]} {[%emt 00:00:15]} Kxa2 {[%clk 00:12:17]} {[%emt 00:00:08]}
57. Qd2+ {[%clk 00:42:32]} {[%emt 00:00:24]} Kb3 {[%clk 00:12:27]} {[%emt
00:00:22]} 58. Qc1 {[%clk 00:42:38]} {[%emt 00:00:24]} Ka2 {[%clk 00:12:11]}
{[%emt 00:00:46]} 59. Kd4 {[%clk 00:42:45]} {[%emt 00:00:21]} a3 {[%clk
00:12:22]} {[%emt 00:00:20]} 60. Kc5 {[%clk 00:43:02]} 1-0

[Event "ODJM B 2024"]
[Site "Willingen GER"]
[Date "2024.05.24"]
[Round "8"]
[White "Wilmink, Luca"]
[Black "Er, Sadik Bugra"]
[Result "0-1"]
[Termination "normal"]
[Board "22"]
[WhiteElo "1737"]
[BlackElo "1688"]
[WhiteClock "00:44:22"]
[BlackClock "00:31:58"]
[PlyCount "90"]
[WhiteFideId "16245253"]
[BlackFideId "34660410"]
[EventCountry "GER"]
[EventRounds "9"]
[EventType "swiss"]
[EventDate "2024.05.18"]

1. e4 {[%clk 01:30:47]} {[%emt 00:00:13]} c5 {[%clk 01:30:47]} {[%emt
00:00:14]} 2. Nf3 {[%clk 01:30:51]} {[%emt 00:00:25]} e6 {[%clk 01:31:09]}
{[%emt 00:00:08]} 3. d4 {[%clk 01:28:55]} {[%emt 00:02:26]} cxd4 {[%clk
01:31:32]} {[%emt 00:00:08]} 4. Nxd4 {[%clk 01:29:18]} {[%emt 00:00:06]} Nc6
{[%clk 01:31:47]} {[%emt 00:00:14]} 5. Be3 {[%clk 01:27:23]} {[%emt 00:02:26]}
Qc7 {[%clk 01:30:59]} {[%emt 00:01:18]} 6. Be2 {[%clk 01:25:38]} {[%emt
00:02:14]} a6 {[%clk 01:31:02]} {[%emt 00:00:28]} 7. O-O {[%clk 01:22:06]}
{[%emt 00:04:02]} Nf6 {[%clk 01:31:13]} {[%emt 00:00:19]} 8. Nc3 {[%clk
01:22:25]} {[%emt 00:00:10]} Bb4 {[%clk 01:30:14]} {[%emt 00:01:30]} 9. f3
{[%clk 01:20:36]} {[%emt 00:02:20]} Bxc3 {[%clk 01:24:40]} {[%emt 00:06:04]}
10. bxc3 {[%clk 01:20:45]} {[%emt 00:00:20]} d5 {[%clk 01:23:04]} {[%emt
00:02:05]} 11. Bd3 {[%clk 01:17:25]} {[%emt 00:03:50]} dxe4 {[%clk 01:23:06]}
{[%emt 00:00:29]} 12. fxe4 {[%clk 01:15:29]} {[%emt 00:02:27]} O-O {[%clk
01:22:02]} {[%emt 00:01:32]} 13. Rxf6 {[%clk 00:55:12]} {[%emt 00:20:48]} gxf6
{[%clk 01:20:54]} {[%emt 00:01:38]} 14. Qg4+ {[%clk 00:53:05]} {[%emt
00:02:38]} Kh8 {[%clk 01:21:06]} {[%emt 00:00:17]} 15. Qh4 {[%clk 00:53:23]}
{[%emt 00:00:13]} Qd8 {[%clk 01:15:16]} {[%emt 00:06:19]} 16. e5 {[%clk
00:52:38]} {[%emt 00:01:15]} f5 {[%clk 01:14:36]} {[%emt 00:01:10]} 17. Bg5
{[%clk 00:51:51]} {[%emt 00:01:18]} f6 {[%clk 01:14:49]} {[%emt 00:00:16]} 18.
exf6 {[%clk 00:51:59]} {[%emt 00:00:22]} Rf7 {[%clk 01:12:03]} {[%emt
00:03:16]} 19. Re1 {[%clk 00:46:50]} {[%emt 00:05:39]} Nxd4 {[%clk 01:12:08]}
{[%emt 00:00:26]} 20. cxd4 {[%clk 00:47:11]} {[%emt 00:00:09]} b5 {[%clk
01:09:32]} {[%emt 00:03:06]} 21. d5 {[%clk 00:45:57]} {[%emt 00:01:43]} Qxd5
{[%clk 01:04:04]} {[%emt 00:05:57]} 22. Be2 {[%clk 00:45:23]} {[%emt 00:01:05]}
Raa7 {[%clk 00:52:10]} {[%emt 00:12:24]} 23. Rd1 {[%clk 00:42:07]} {[%emt
00:03:46]} Qc5+ {[%clk 00:51:02]} {[%emt 00:01:38]} 24. Be3 {[%clk 00:42:26]}
{[%emt 00:00:12]} Qxe3+ {[%clk 00:51:10]} {[%emt 00:00:21]} 25. Kh1 {[%clk
00:42:08]} {[%emt 00:00:47]} Rad7 {[%clk 00:46:10]} {[%emt 00:05:31]} 26. Re1
{[%clk 00:42:07]} {[%emt 00:00:31]} Rd2 {[%clk 00:34:38]} {[%emt 00:12:02]} 27.
Qh5 {[%clk 00:39:43]} {[%emt 00:02:54]} Rxe2 {[%clk 00:29:32]} {[%emt
00:05:36]} 28. Qxe2 {[%clk 00:40:04]} {[%emt 00:00:10]} Qxe2 {[%clk 00:29:54]}
{[%emt 00:00:07]} 29. Rxe2 {[%clk 00:40:30]} {[%emt 00:00:04]} Rxf6 {[%clk
00:30:19]} {[%emt 00:00:05]} 30. Kg1 {[%clk 00:40:36]} {[%emt 00:00:24]} Bb7
{[%clk 00:30:02]} {[%emt 00:00:48]} 31. Kf2 {[%clk 00:40:44]} {[%emt 00:00:21]}
Bd5 {[%clk 00:30:19]} {[%emt 00:00:13]} 32. a3 {[%clk 00:41:04]} {[%emt
00:00:10]} Rf7 {[%clk 00:29:52]} {[%emt 00:00:58]} 33. Ke3 {[%clk 00:41:18]}
{[%emt 00:00:15]} Rc7 {[%clk 00:28:54]} {[%emt 00:01:28]} 34. Kd4 {[%clk
00:41:42]} {[%emt 00:00:06]} Rc4+ {[%clk 00:29:09]} {[%emt 00:00:15]} 35. Ke5
{[%clk 00:42:04]} {[%emt 00:00:07]} Kg7 {[%clk 00:29:17]} {[%emt 00:00:23]} 36.
Rd2 {[%clk 00:41:43]} {[%emt 00:00:52]} Rc3 {[%clk 00:29:05]} {[%emt 00:00:42]}
37. Rd3 {[%clk 00:41:50]} {[%emt 00:00:23]} Rxd3 {[%clk 00:29:24]} {[%emt
00:00:11]} 38. cxd3 {[%clk 00:42:12]} {[%emt 00:00:07]} a5 {[%clk 00:29:51]}
{[%emt 00:00:04]} 39. Kd4 {[%clk 00:42:28]} {[%emt 00:00:13]} b4 {[%clk
00:30:14]} {[%emt 00:00:06]} 40. axb4 {[%clk 00:42:43]} {[%emt 00:00:16]} axb4
{[%clk 00:30:39]} {[%emt 00:00:05]} 41. g3 {[%clk 00:43:07]} {[%emt 00:00:06]}
Kf6 {[%clk 00:30:58]} {[%emt 00:00:11]} 42. h4 {[%clk 00:43:26]} {[%emt
00:00:11]} h5 {[%clk 00:31:13]} {[%emt 00:00:15]} 43. Ke3 {[%clk 00:43:46]}
{[%emt 00:00:10]} b3 {[%clk 00:31:36]} {[%emt 00:00:08]} 44. Kd2 {[%clk
00:44:09]} {[%emt 00:00:06]} e5 {[%clk 00:31:46]} {[%emt 00:00:21]} 45. Kc3
{[%clk 00:44:22]} {[%emt 00:00:17]} e4 {[%clk 00:31:58]} {[%emt 00:00:18]} 0-1

[Event "ODJM B 2024"]
[Site "Willingen GER"]
[Date "2024.05.24"]
[Round "8"]
[White "Meyer, Henry Paul"]
[Black "Foos, Vanessa"]
[Result "1-0"]
[Termination "normal"]
[Board "23"]
[WhiteElo "1718"]
[BlackElo "1588"]
[WhiteClock "00:19:17"]
[BlackClock "00:30:20"]
[PlyCount "87"]
[WhiteFideId "34645802"]
[BlackFideId "16245270"]
[EventCountry "GER"]
[EventRounds "9"]
[EventType "swiss"]
[EventDate "2024.05.18"]

1. Nf3 {[%clk 01:30:54]} {[%emt 00:00:05]} d5 {[%clk 01:31:26]} {[%emt
00:00:04]} 2. g3 {[%clk 01:31:19]} {[%emt 00:00:04]} c5 {[%clk 01:31:44]}
{[%emt 00:00:13]} 3. Bg2 {[%clk 01:31:37]} {[%emt 00:00:12]} Nf6 {[%clk
01:32:04]} {[%emt 00:00:10]} 4. O-O {[%clk 01:31:58]} {[%emt 00:00:08]} Bf5
{[%clk 01:31:57]} {[%emt 00:00:38]} 5. d4 {[%clk 01:30:52]} {[%emt 00:01:36]}
e6 {[%clk 01:28:39]} {[%emt 00:03:48]} 6. c4 {[%clk 01:28:21]} {[%emt
00:03:01]} Nc6 {[%clk 01:20:19]} {[%emt 00:08:50]} 7. cxd5 {[%clk 01:26:58]}
{[%emt 00:01:53]} Nxd5 {[%clk 01:18:37]} {[%emt 00:02:12]} 8. Ne5 {[%clk
01:10:31]} {[%emt 00:16:57]} Nxe5 {[%clk 01:10:13]} {[%emt 00:08:54]} 9. dxe5
{[%clk 01:10:46]} {[%emt 00:00:13]} Bxb1 {[%clk 01:09:42]} {[%emt 00:01:02]}
10. Rxb1 {[%clk 01:10:24]} {[%emt 00:00:53]} Qd7 {[%clk 01:07:22]} {[%emt
00:02:51]} 11. Qb3 {[%clk 01:03:22]} {[%emt 00:07:29]} Qc6 {[%clk 00:50:09]}
{[%emt 00:17:45]} 12. Rd1 {[%clk 01:00:55]} {[%emt 00:02:55]} c4 {[%clk
00:49:58]} {[%emt 00:00:43]} 13. Qc2 {[%clk 00:56:10]} {[%emt 00:05:11]} Bc5
{[%clk 00:45:18]} {[%emt 00:05:14]} 14. b3 {[%clk 00:50:15]} {[%emt 00:06:25]}
c3 {[%clk 00:44:50]} {[%emt 00:00:59]} 15. b4 {[%clk 00:45:24]} {[%emt
00:05:20]} Bb6 {[%clk 00:45:03]} {[%emt 00:00:18]} 16. Rb3 {[%clk 00:40:58]}
{[%emt 00:04:55]} O-O {[%clk 00:39:51]} {[%emt 00:05:43]} 17. Bxd5 {[%clk
00:37:41]} {[%emt 00:03:47]} exd5 {[%clk 00:40:16]} {[%emt 00:00:05]} 18. Qxc3
{[%clk 00:37:07]} {[%emt 00:01:02]} Rac8 {[%clk 00:39:33]} {[%emt 00:01:15]}
19. Qxc6 {[%clk 00:35:38]} {[%emt 00:01:58]} Rxc6 {[%clk 00:39:57]} {[%emt
00:00:06]} 20. Be3 {[%clk 00:34:42]} {[%emt 00:01:23]} Rd8 {[%clk 00:35:00]}
{[%emt 00:05:31]} 21. Bxb6 {[%clk 00:33:48]} {[%emt 00:01:23]} Rxb6 {[%clk
00:35:26]} {[%emt 00:00:05]} 22. a3 {[%clk 00:32:15]} {[%emt 00:02:01]} Re6
{[%clk 00:34:25]} {[%emt 00:01:32]} 23. f4 {[%clk 00:31:23]} {[%emt 00:01:22]}
g5 {[%clk 00:33:23]} {[%emt 00:01:31]} 24. e3 {[%clk 00:29:42]} {[%emt
00:02:12]} gxf4 {[%clk 00:33:23]} {[%emt 00:00:30]} 25. exf4 {[%clk 00:29:46]}
{[%emt 00:00:26]} Re7 {[%clk 00:33:47]} {[%emt 00:00:06]} 26. Rbd3 {[%clk
00:29:25]} {[%emt 00:00:51]} Red7 {[%clk 00:34:11]} {[%emt 00:00:06]} 27. f5
{[%clk 00:28:57]} {[%emt 00:00:58]} Kf8 {[%clk 00:34:38]} {[%emt 00:00:04]} 28.
f6 {[%clk 00:28:17]} {[%emt 00:01:09]} Kg8 {[%clk 00:34:35]} {[%emt 00:00:33]}
29. Kg2 {[%clk 00:28:14]} {[%emt 00:00:33]} h6 {[%clk 00:35:00]} {[%emt
00:00:05]} 30. g4 {[%clk 00:27:34]} {[%emt 00:01:09]} Kh7 {[%clk 00:35:25]}
{[%emt 00:00:06]} 31. h4 {[%clk 00:24:00]} {[%emt 00:04:04]} Kg6 {[%clk
00:35:50]} {[%emt 00:00:05]} 32. h5+ {[%clk 00:23:47]} {[%emt 00:00:43]} Kh7
{[%clk 00:35:43]} {[%emt 00:00:37]} 33. Rc1 {[%clk 00:22:24]} {[%emt 00:01:51]}
Re8 {[%clk 00:35:15]} {[%emt 00:00:59]} 34. Re1 {[%clk 00:22:29]} {[%emt
00:00:23]} Kg8 {[%clk 00:33:27]} {[%emt 00:02:22]} 35. Kf3 {[%clk 00:22:29]}
{[%emt 00:00:28]} Kf8 {[%clk 00:33:14]} {[%emt 00:00:44]} 36. Kf4 {[%clk
00:22:25]} {[%emt 00:00:33]} Rc8 {[%clk 00:33:23]} {[%emt 00:00:22]} 37. Red1
{[%clk 00:21:57]} {[%emt 00:00:57]} Rcd8 {[%clk 00:33:11]} {[%emt 00:00:43]}
38. Kf5 {[%clk 00:21:10]} {[%emt 00:01:17]} b6 {[%clk 00:31:21]} {[%emt
00:02:20]} 39. g5 {[%clk 00:19:27]} {[%emt 00:02:12]} hxg5 {[%clk 00:31:46]}
{[%emt 00:00:05]} 40. Kxg5 {[%clk 00:19:33]} {[%emt 00:00:25]} Kg8 {[%clk
00:32:04]} {[%emt 00:00:12]} 41. Kh6 {[%clk 00:19:05]} {[%emt 00:00:58]} d4
{[%clk 00:30:48]} {[%emt 00:01:47]} 42. Rg1+ {[%clk 00:19:14]} {[%emt
00:00:19]} Kh8 {[%clk 00:30:29]} {[%emt 00:00:50]} 43. Rdg3 {[%clk 00:19:06]}
{[%emt 00:00:36]} d3 {[%clk 00:30:20]} {[%emt 00:00:41]} 44. Rg7 {[%clk
00:19:17]} {[%emt 00:00:18]} 1-0

[Event "ODJM B 2024"]
[Site "Willingen GER"]
[Date "2024.05.24"]
[Round "8"]
[White "Ensslen, Jakob"]
[Black "Hendler, Maximilian"]
[Result "0-1"]
[Termination "normal"]
[Board "24"]
[WhiteElo "1740"]
[BlackElo "1616"]
[WhiteClock "00:21:26"]
[BlackClock "01:07:19"]
[PlyCount "124"]
[WhiteFideId "34640258"]
[BlackFideId "34616500"]
[EventCountry "GER"]
[EventRounds "9"]
[EventType "swiss"]
[EventDate "2024.05.18"]

1. d4 {[%clk 01:30:51]} {[%emt 00:00:07]} Nf6 {[%clk 01:30:54]} {[%emt
00:00:08]} 2. Bf4 {[%clk 01:31:10]} {[%emt 00:00:10]} g6 {[%clk 01:31:12]}
{[%emt 00:00:13]} 3. e3 {[%clk 01:30:57]} {[%emt 00:00:43]} Bg7 {[%clk
01:31:32]} {[%emt 00:00:10]} 4. Be2 {[%clk 01:29:08]} {[%emt 00:02:19]} O-O
{[%clk 01:31:44]} {[%emt 00:00:19]} 5. c4 {[%clk 01:28:31]} {[%emt 00:01:07]}
d6 {[%clk 01:31:20]} {[%emt 00:00:53]} 6. Nf3 {[%clk 01:25:47]} {[%emt
00:03:13]} c5 {[%clk 01:29:08]} {[%emt 00:02:43]} 7. Nc3 {[%clk 01:23:26]}
{[%emt 00:02:50]} Nc6 {[%clk 01:26:29]} {[%emt 00:03:09]} 8. O-O {[%clk
01:20:02]} {[%emt 00:03:54]} Nh5 {[%clk 01:20:42]} {[%emt 00:06:17]} 9. Bg3
{[%clk 01:16:39]} {[%emt 00:03:53]} Nxg3 {[%clk 01:20:31]} {[%emt 00:00:41]}
10. hxg3 {[%clk 01:16:52]} {[%emt 00:00:17]} Qb6 {[%clk 01:20:11]} {[%emt
00:00:50]} 11. b3 {[%clk 01:04:56]} {[%emt 00:12:27]} cxd4 {[%clk 01:13:18]}
{[%emt 00:07:23]} 12. Na4 {[%clk 00:58:17]} {[%emt 00:07:09]} Qc7 {[%clk
01:13:05]} {[%emt 00:00:43]} 13. Nxd4 {[%clk 00:53:01]} {[%emt 00:05:45]} e5
{[%clk 01:00:36]} {[%emt 00:13:00]} 14. Nxc6 {[%clk 00:45:03]} {[%emt
00:08:28]} bxc6 {[%clk 00:59:46]} {[%emt 00:01:20]} 15. Rc1 {[%clk 00:41:12]}
{[%emt 00:04:21]} Bb7 {[%clk 00:59:20]} {[%emt 00:00:57]} 16. e4 {[%clk
00:38:50]} {[%emt 00:02:51]} Rfd8 {[%clk 00:58:35]} {[%emt 00:01:13]} 17. Nc3
{[%clk 00:36:37]} {[%emt 00:02:44]} Qa5 {[%clk 00:57:49]} {[%emt 00:01:17]} 18.
Bf3 {[%clk 00:33:58]} {[%emt 00:03:09]} d5 {[%clk 00:56:00]} {[%emt 00:02:19]}
19. cxd5 {[%clk 00:26:06]} {[%emt 00:08:22]} cxd5 {[%clk 00:55:43]} {[%emt
00:00:47]} 20. exd5 {[%clk 00:20:03]} {[%emt 00:06:32]} e4 {[%clk 00:55:49]}
{[%emt 00:00:24]} 21. Nxe4 {[%clk 00:18:44]} {[%emt 00:01:49]} Rxd5 {[%clk
00:55:34]} {[%emt 00:00:45]} 22. Qe2 {[%clk 00:10:42]} {[%emt 00:08:32]} Ba6
{[%clk 00:54:26]} {[%emt 00:01:39]} 23. Qe1 {[%clk 00:04:25]} {[%emt 00:06:47]}
Bxf1 {[%clk 00:54:23]} {[%emt 00:00:33]} 24. Qxf1 {[%clk 00:02:29]} {[%emt
00:02:26]} Rad8 {[%clk 00:53:33]} {[%emt 00:01:20]} 25. Nd6 {[%emt 00:02:24]}
Bf6 {[%clk 00:53:53]} 26. Bxd5 {[%clk 00:01:06]} Qxd5 {[%clk 00:53:57]} {[%emt
00:00:33]} 27. Qa6 {[%clk 00:00:39]} Bd4 {[%clk 00:52:44]} {[%emt 00:02:40]}
28. Rf1 Qxd6 {[%clk 00:51:18]} 29. Qc4 {[%clk 00:00:43]} {[%emt 00:00:31]} Qc5
{[%clk 00:47:56]} {[%emt 00:03:51]} 30. Qxc5 {[%clk 00:00:32]} {[%emt
00:00:41]} Bxc5 {[%clk 00:48:17]} {[%emt 00:00:10]} 31. Rc1 {[%clk 00:00:38]}
{[%emt 00:00:24]} Bb6 {[%clk 00:48:01]} {[%emt 00:00:45]} 32. Rc2 {[%clk
00:00:54]} {[%emt 00:00:14]} f5 {[%clk 00:46:03]} {[%emt 00:02:28]} 33. Kf1
{[%clk 00:00:59]} {[%emt 00:00:26]} Re8 {[%clk 00:45:57]} {[%emt 00:00:36]} 34.
Re2 {[%clk 00:00:35]} {[%emt 00:00:54]} Rxe2 {[%clk 00:45:54]} {[%emt
00:00:33]} 35. Kxe2 {[%clk 00:00:59]} {[%emt 00:00:05]} Kf7 {[%clk 00:46:09]}
{[%emt 00:00:15]} 36. f3 {[%clk 00:01:10]} {[%emt 00:00:19]} Ke6 {[%clk
00:46:27]} {[%emt 00:00:12]} 37. Kd3 {[%clk 00:01:22]} {[%emt 00:00:18]} Kd5
{[%clk 00:46:23]} {[%emt 00:00:34]} 38. b4 {[%clk 00:01:20]} {[%emt 00:00:33]}
a5 {[%clk 00:45:44]} {[%emt 00:01:08]} 39. bxa5 {[%clk 00:01:33]} {[%emt
00:00:17]} Bxa5 {[%clk 00:46:05]} {[%emt 00:00:10]} 40. Ke3 {[%clk 00:01:04]}
{[%emt 00:00:58]} g5 {[%clk 00:44:35]} {[%emt 00:02:01]} 41. Kd3 {[%clk
00:26:52]} {[%emt 00:04:42]} Be1 {[%clk 01:12:34]} {[%emt 00:02:30]} 42. g4
{[%clk 00:24:46]} {[%emt 00:02:36]} fxg4 {[%clk 01:11:04]} {[%emt 00:02:00]}
43. fxg4 {[%clk 00:24:59]} {[%emt 00:00:17]} Ke5 {[%clk 01:11:01]} {[%emt
00:00:33]} 44. Ke3 {[%clk 00:20:10]} {[%emt 00:05:20]} Bb4 {[%clk 01:08:17]}
{[%emt 00:03:14]} 45. a4 {[%clk 00:19:25]} {[%emt 00:01:14]} Ba5 {[%clk
01:06:06]} {[%emt 00:02:42]} 46. g3 {[%clk 00:18:18]} {[%emt 00:01:36]} Kd5
{[%clk 01:05:38]} {[%emt 00:00:58]} 47. Kd3 {[%clk 00:17:39]} {[%emt 00:01:09]}
Be1 {[%clk 01:05:37]} {[%emt 00:00:31]} 48. Ke3 {[%clk 00:17:36]} {[%emt
00:00:33]} Bxg3 {[%clk 01:05:39]} {[%emt 00:00:28]} 49. a5 {[%clk 00:18:01]}
{[%emt 00:00:06]} Bb8 {[%clk 01:05:53]} {[%emt 00:00:15]} 50. a6 {[%clk
00:18:26]} {[%emt 00:00:06]} Ba7+ {[%clk 01:06:08]} {[%emt 00:00:15]} 51. Kf3
{[%clk 00:17:53]} {[%emt 00:01:02]} Kd4 {[%clk 01:06:24]} {[%emt 00:00:14]} 52.
Kg3 {[%clk 00:18:17]} {[%emt 00:00:06]} Ke4 {[%clk 01:06:33]} {[%emt 00:00:21]}
53. Kh3 {[%clk 00:18:38]} {[%emt 00:00:09]} Kf4 {[%clk 01:06:52]} {[%emt
00:00:11]} 54. Kg2 {[%clk 00:19:05]} {[%emt 00:00:04]} Kxg4 {[%clk 01:07:10]}
{[%emt 00:00:11]} 55. Kh1 {[%clk 00:19:29]} {[%emt 00:00:06]} Bb8 {[%clk
01:07:10]} {[%emt 00:00:30]} 56. Kg2 {[%clk 00:19:54]} {[%emt 00:00:05]} h5
{[%clk 01:07:30]} {[%emt 00:00:10]} 57. Kh1 {[%clk 00:20:18]} {[%emt 00:00:06]}
h4 {[%clk 01:07:33]} {[%emt 00:00:26]} 58. Kg2 {[%clk 00:20:43]} {[%emt
00:00:06]} h3+ {[%clk 01:07:39]} {[%emt 00:00:24]} 59. Kh1 {[%clk 00:21:08]}
{[%emt 00:00:06]} Kf3 {[%clk 01:07:05]} {[%emt 00:01:02]} 60. Kg1 {[%clk
00:21:14]} {[%emt 00:00:25]} g4 {[%clk 01:06:58]} {[%emt 00:00:37]} 61. Kh1
{[%clk 00:21:36]} {[%emt 00:00:08]} g3 {[%clk 01:07:00]} {[%emt 00:00:28]} 62.
a7 {[%clk 00:21:26]} {[%emt 00:00:41]} g2+ {[%clk 01:07:19]} {[%emt 00:00:11]}
0-1